[Event "Santa Cruz de Tenerife Once"]
[Site "Santa Cruz de Tenerife"]
[Date "2014.01.17"]
[Round "1"]
[White "Chirinos Rodriguez, Jonathan Edu"]
[Black "Rodriguez Sabater, Lucia Iris"]
[Result "0-1"]
[WhiteElo "1364"]
[BlackElo "1321"]
[PlyCount "84"]
[EventDate "2014.01.17"]
[EventType "tourn"]
[EventRounds "9"]
[EventCountry "ESP"]
[SourceTitle "EXT 2016"]
[Source "ChessBase"]
[SourceDate "2015.10.08"]
[SourceVersion "1"]
[SourceVersionDate "2015.10.08"]
[SourceQuality "1"]

1. e4 e5 2. Nf3 Nc6 3. Bb5 Bc5 4. 0-0 Nge7 5. d3 0-0 6. Be3 Bxe3 7. fxe3 d6 8. Nc3 Bg4 9. d4 a6 10. Bc4 b5 11. Bb3 Na5 12. Qe1 Nxb3 13. axb3 Nc6 14. Ne2 Re8 15. Qg3 Bh5 16. Rae1 Nb4 17. c3 Nc2 18. Rc1 Nxe3 19. Rfe1 Ng4 20. h3 Nf6 21. dxe5 dxe5 22. Nxe5 Nxe4 23. Qf4 Nf6 24. Ng3 Bg6 25. Rcd1 Qe7 26. Nxg6 Qc5+ 27. Kf1 fxg6 28. Ne2 Ne4 29. Nd4 Nd6 30. Ne6 Rxe6 31. Rxe6 Rf8 32. Qxf8+ Kxf8 33. Rde1 Qf5+ 34. Kg1 Qc5+ 35. Kh1 Qd5 36. Rf1+ Nf5 37. Ree1 Kg8 38. Re8+ Kf7 39. Rfe1 Qxb3 40. g4 Qd5+ 41. Kh2 Qd6+ 42. Kg2 Qg3+ 0-1

[Event "Tenerife Navidad op 24th"]
[Site "Tenerife"]
[Date "2013.12.23"]
[Round "7"]
[White "Medina Sanchez, Gines"]
[Black "Chirinos Rodriguez, Jonathan Edu"]
[Result "1-0"]
[WhiteElo "1742"]
[BlackElo "1364"]
[PlyCount "65"]
[EventDate "2013.12.13"]
[EventType "swiss"]
[EventRounds "9"]
[EventCountry "ESP"]
[SourceTitle "CBM 158 Extra"]
[Source "ChessBase"]
[SourceDate "2014.02.28"]
[SourceVersion "1"]
[SourceVersionDate "2014.02.28"]
[SourceQuality "1"]

1. d4 Nf6 2. c4 g6 3. Nc3 d5 4. Nf3 Bg7 5. Bf4 0-0 6. e3 Bg4 7. Bd3 dxc4 8. Bxc4 c5 9. dxc5 Qa5 10. Qb3 Bxf3 11. gxf3 Nc6 12. Bxf7+ Rxf7 13. Qxb7 Nh5 14. Qxa8+ Rf8 15. Qxc6 Bxc3+ 16. Kf1 Nxf4 17. exf4 Bxb2 18. Qd5+ Kg7 19. Re1 Qa6+ 20. Kg2 Qf6 21. Re4 Rc8 22. Rhe1 Rc7 23. Rb1 Ba3 24. Qe5 Rxc5 25. Qxf6+ Kxf6 26. Ra4 Bc1 27. Kg3 Rc7 28. Ra6+ Kf7 29. Rb5 e6 30. Rba5 Rc4 31. Rxa7+ Kf6 32. Ra4 Bxf4+ 33. Kg2 1-0

[Event "Tenerife Promocion El Sauzal"]
[Site "Tenerife"]
[Date "2013.11.20"]
[Round "6"]
[White "Rodriguez Perez, Jose Eulogio"]
[Black "Chirinos Rodriguez, Jonathan Edu"]
[Result "0-1"]
[WhiteElo "1349"]
[BlackElo "1365"]
[PlyCount "52"]
[EventDate "2013.11.11"]
[EventType "swiss"]
[EventRounds "7"]
[EventCountry "ESP"]
[SourceTitle "EXT 2024"]
[Source "ChessBase"]
[SourceDate "2023.10.10"]
[SourceVersion "1"]
[SourceVersionDate "2023.10.10"]
[SourceQuality "1"]

1. e4 c6 2. d3 d5 3. exd5 cxd5 4. c3 Nf6 5. Nd2 Nc6 6. d4 Bf5 7. g3 e6 8. Ngf3 Be7 9. Bg2 0-0 10. 0-0 Rc8 11. Re1 b5 12. Nf1 Qb6 13. h3 b4 14. N1h2 bxc3 15. bxc3 Na5 16. g4 Be4 17. Ne5 Bxg2 18. Kxg2 Rfd8 19. Qf3 Nc4 20. g5 Nxe5 21. Rxe5 Ne4 22. Qg4 Rxc3 23. Nf3 Rdc8 24. Be3 Rxe3 25. fxe3 Qb2+ 26. Kh1 Nf2+ 0-1

[Event "Tenerife Promocion El Sauzal"]
[Site "Tenerife"]
[Date "2013.11.18"]
[Round "5"]
[White "Chirinos Rodriguez, Jonathan Edu"]
[Black "Perez Perez, Isaac"]
[Result "1/2-1/2"]
[WhiteElo "1365"]
[BlackElo "1393"]
[PlyCount "43"]
[EventDate "2013.11.11"]
[EventType "swiss"]
[EventRounds "7"]
[EventCountry "ESP"]
[SourceTitle "EXT 2024"]
[Source "ChessBase"]
[SourceDate "2023.10.10"]
[SourceVersion "1"]
[SourceVersionDate "2023.10.10"]
[SourceQuality "1"]

1. e4 c5 2. Nf3 g6 3. d4 cxd4 4. Nxd4 Bg7 5. Be3 Nf6 6. Nc3 0-0 7. Be2 Nc6 8. 0-0 d6 9. Qd2 e5 10. Nxc6 bxc6 11. Rad1 d5 12. exd5 cxd5 13. Bg5 d4 14. Ne4 Bb7 15. c3 dxc3 16. Nxc3 Qxd2 17. Rxd2 Rad8 18. Rxd8 Rxd8 19. Rd1 Rxd1+ 20. Bxd1 h6 21. Bxf6 Bxf6 22. Bb3 1/2-1/2